Normal view
MARC view
- Preparation Break,Malik Muneer, Mahmoud Yousef Rababah, Musaab Sameh Al Maghaireh؛ Supervisor Mahmoud AL-Sobh, Co Supervisor Abeer Al-Ghazo
Entry Personal Name
001 - CONTROL NUMBER
- control field: 5800
003 - CONTROL NUMBER IDENTIFIER
- control field: JO-AjAnu
005 - DATE AND TIME OF LATEST TRANSACTION
- control field: 20230606071237.0
008 - FIXED-LENGTH DATA ELEMENTS
- fixed length control field: 230606|| aca||aabn | a|a d
040 ## - CATALOGING SOURCE
- Original cataloging agency: JO-AjAnu
- Transcribing agency: JO-AjAnu
100 ## - HEADING--PERSONAL NAME
- Personal name: Preparation Break,Malik Muneer, Mahmoud Yousef Rababah, Musaab Sameh Al Maghaireh؛ Supervisor Mahmoud AL-Sobh, Co Supervisor Abeer Al-Ghazo
670 ## - SOURCE DATA FOUND
- Source citation: Work cat.: (JO-AjAnu)3006: Preparation Break,Malik Muneer, Mahmoud Yousef Rababah, Musaab Sameh Al Maghaireh؛ Supervisor Mahmoud AL-Sobh, Co Supervisor Abeer Al-Ghazo, author, Listening Strategies Used by EFL Students At Ajloun National University